000 00531nam a2200157 i 4500
001 28466
003 ES-MaACL
005 20230906153847.0
007 t|
008 030117s1969 sp ||||1| spa d
100 1 _aBaixauli Morales, Eduardo.
_924748
245 1 0 _aTarragona musical
_b: (un siglo de vida artística, 1850-1950) /
_cEduardo Baixauli Morales.
260 _aTarragona :
_b[s.n.,
_c1969] (
_eTarragona :
_fAutor. Suc. Torres y Virgili)
300 _a214 p., 1-12 lám. ;
_c25 CM.
852 _aES-MaACL
_jC-35777
_bR.69482
999 _c28466
_d28466